Nutrientes disponibles para las plantas en suelos del valle bonaerense del río colorado /

Guardado en:
Autor Principal: Peinemann, N
Formato: Libro
Publicado: H. Ascasubi : Inta, 0
Materias:
Etiquetas: Agregar Etiqueta
Sin Etiquetas, Sea el primero en etiquetar este registro!
LEADER 00516nam a22001575a 4500
001 CEM.cems016062
005 20100618172016.0
008 130507b######################000#0#####d
003 CEMS
082 0 4 |a 631.40982 
100 1 |a Peinemann, N 
245 1 0 |a Nutrientes disponibles para las plantas en suelos del valle bonaerense del río colorado /  |c N Peinemann, D E Buschiazzo 
260 |a H. Ascasubi :  |b Inta, 0 
300 |a 15 p. 
653 |a Agricultura 
859 |a CEMS  |b BIB. CEMS - Agricultura  |h 631.40982  |i P442  |p A10229.81  |t Ej.1